000
00251nam a2200097Ia 4500
008
190216s9999||||xx |||||||||||||| ||und||
100
_a
Jather & Berin
245
0
_a
Elementary Principles Of Economics
260
_b
Oxford University Press
942
_c
BK
999
_c
9139
_d
9139